| 000 | 00431nmm a2200157Ia 4500 | ||
|---|---|---|---|
| 008 | 251105s9999||||xx |||||||||||||||||und|| | ||
| 020 | _a9788498387209 | ||
| 041 | _aspa | ||
| 100 | _aMarsh, Henry | ||
| 245 | 0 | _aAnte todo, no hagas daño | |
| 264 |
_a[Madrid, España] : _bEdiciones Salamandra, _c2016 |
||
| 300 | _a352 páginas | ||
| 650 | _aMedicine | ||
| 856 | _uhttps://public.digitaliapublishing.com/a/48332 | ||
| 942 | _cCF | ||
| 999 |
_c91818 _d91818 |
||